| 000 | 00748nam a22002177a 4500 | ||
|---|---|---|---|
| 003 | OSt | ||
| 005 | 20131025111628.0 | ||
| 008 | 130507s1946 sp ||||| |||| 00| 0 spa d | ||
| 040 | _cCDMR | ||
| 100 | 1 |
_93335 _aÁlvarez Solís, Antonio _d1902-1950 |
|
| 245 | 1 | 0 |
_aDesde el Polo Norte _b: anecdotario, recuerdos y divagaciones de un periodista _cAntonio Alvarez Solís |
| 260 |
_aBarcelona _bVives _c1946 |
||
| 300 | _a256 p. | ||
| 490 | 0 | _aCosmos | |
| 500 | _aTítol a la coberta: Desde el Polo Norte, anecdotario político | ||
| 600 | 1 |
_93335 _aÁlvarez Solís, Antonio _d1902-1950 _vRecull d'escrits |
|
| 650 | 0 | 4 |
_93163 _aPremsa política |
| 650 | 0 | 4 |
_9458 _aPolítica _vReculls d'escrits |
| 650 | 0 | 4 |
_94187 _aPeriodisme _xAnècdotes |
| 942 |
_2udc _cMON |
||
| 999 |
_c6179 _d6179 |
||